| 000 | 00839cam a22002411 4500 | ||
|---|---|---|---|
| 001 | 5972550 | ||
| 005 | 20051012144114.0 | ||
| 008 | 720421s1939 nyua b 000 0 eng | ||
| 010 | _a 40001088 | ||
| 035 | _a(OCoLC)290914 | ||
| 040 |
_aDLC _cODaWU _dDP _dWaChenE _dDLC |
||
| 042 | _apremarc | ||
| 050 | 0 | 0 |
_aTN500 _b.G25 |
| 082 |
_a622.7 _bGAU |
||
| 100 | 1 |
_aGaudin, Antoine Marc, _d1900-1974. _96270 |
|
| 245 | 1 | 0 |
_aPrinciples of mineral dressing _cby A.M. Gaudin. |
| 260 |
_aNew York, _aLondon, _bMcGraw-Hill Book Company, inc., _c1939. |
||
| 300 |
_axi, 554 p. ; _c24 cm. |
||
| 504 | _a"Literature cited" at end of each chapter. | ||
| 650 | 0 |
_aOre-dressing. _96271 |
|
| 942 |
_2ddc _cBB |
||
| 999 |
_c11856 _d11856 |
||